Будущее мировой экономики: доклад группы экспертов ООН во главе с В. Леонтьевым; пер. с англ.

Dades bibliogràfiques
Altres autors: Демина Г. Г. (редактор)
Idioma:rus
Publicat: Москва, Международные отношения, 1979
Matèries:
Format: Llibre
KOHA link:https://koha.lib.tpu.ru/cgi-bin/koha/opac-detail.pl?biblionumber=675298

MARC

LEADER 00000nam0a2200000 4500
001 675298
005 20241009142115.0
090 |a 675298 
100 |a 20241009d1979 k||y0rusy50 ca 
101 1 |a rus  |c eng 
102 |a RU 
105 |a y z 000yy 
181 0 |a i   |b  e  
182 0 |a n 
183 0 |a nc  |2 RDAcarrier 
200 1 |a Будущее мировой экономики  |e доклад группы экспертов ООН во главе с В. Леонтьевым  |e пер. с англ.  |f ред. Г. Г. Демина 
203 |a Текст  |b визуальный  |c непосредственный 
210 |a Москва  |c Международные отношения  |d 1979 
215 |a 212 с. 
283 |a volume  |2 RDAcarrier 
606 1 |a Экономическое прогнозирование  |x мировая экономика  |9 58432 
610 1 |a мировая экономика 
610 1 |a будущее 
610 1 |a развитие 
610 1 |a последствия 
610 1 |a всемирное экономическое развитие 
610 1 |a перспективы 
610 1 |a доклад 
686 |2 rubbk  |a У5 
702 1 |4 340  |a Демина  |b Г. Г. 
801 0 |a RU  |b 63413507  |c 20241009 
830 |a Ретро2024Каталогизация Шило 
850 |a 63413507 
942 |c BK